Catálogo

Vista normal Vista MARC

Entrada Personal Name

Número de registros utilizados en: 1

001 - CONTROL NUMBER

  • control field: 17224

003 - CONTROL NUMBER IDENTIFIER

  • control field: DLC

005 - DATE AND TIME OF LATEST TRANSACTION

  • control field: 20250619091359.0

008 - FIXED-LENGTH DATA ELEMENTS

  • fixed length control field: 830527n| acannaabn |a aaa

010 ## - LIBRARY OF CONGRESS CONTROL NUMBER

  • LC control number: n 83070873

035 ## - SYSTEM CONTROL NUMBER

  • System control number: (OCoLC)oca00953000

040 ## - CATALOGING SOURCE

  • Original cataloging agency: DLC
  • Language of cataloging: spa
  • Transcribing agency: Mx-PuUPA
  • Modifying agency: DLC
  • Modifying agency: OCoLC
  • Modifying agency: Mx-PuUPA
  • Description conventions: rda

100 1# - HEADING--PERSONAL NAME

  • Personal name: Lechuga, Ruth D.,

374 ## - OCCUPATION

  • Occupation: Autor

375 ## - GENDER

  • Gender: mujer

377 ## - ASSOCIATED LANGUAGE

  • Language code: spa

400 1# - SEE FROM TRACING--PERSONAL NAME

  • Personal name: Deutsch Lechuga, Ruth

670 ## - SOURCE DATA FOUND

  • Source citation: Fiestas in Mexico, c1978 (a.e.)
  • Information found: t.p. verso (Ruth D. Lechuga)

670 ## - SOURCE DATA FOUND

  • Source citation: Her Máscaras tradicionales de México, 1991:
  • Information found: t.p. (Ruth Deutsch Lechuga) t.p. verso (Dra. Ruth D. Lechuga)